000 00691nam a22002057a 4500
005 20161123110700.0
010 _aENG-116618
020 _a9789351436911
_c1295.00
035 _aEN-100150
037 _bDBAD/PUB
082 _a343.540325
100 _aPahwa,Manoj
245 _aA professional's guide to fema :
_bpractice and proedure in Q and A formate /
_cby Manoj Pahwa [and] Navisha Singhal
260 _aGurgaon
_bLexisNexis
_c2016
270 _a14th Floor, Building No.10, Tower-B, DLF Cyber City, Phase-II
_bGurgaon
_e122002
300 _axxix,811p.
_c22cm(pbk)
500 _aIncludes index
700 _aSinghal, Navisha
942 _2ddc
_cEN
_mPAH
_h343.540325
999 _c104716
_d104716